Normal view
MARC view
- Pesas y medidas
Entry Materia
001 - NÚMERO DE CONTROL DEL REGISTRO
- campo de control: 49461
003 - IDENTIFICADOR DE NUMERO DE CONTROL
- campo de control: MX-MxUPN
005 - FECHA Y HORA DE LA ÚLTIMA TRANSACCIÓN
- campo de control: 20230621195338.0
008 - DATOS DE LONGITUD FIJA
- campo de control de longitud fija: 230621nn fnznnbaba n a|a d
040 ## - FUENTE DE LA CATALOGACIÓN
- Centro catalogador de origen: MX-MxUPN
- Lengua de catalogación: spa
150 ## - ENCABEZAMIENTO - TEMÁTICO
- Término de materia o nombre geográfico como elemento inicial: Pesas y medidas
- Subdivisión de materia general: Estudio y enseñanza (Elemental)
670 ## - FUENTE EN LA QUE SE LOCALIZARON DATOS
- Cita de la fuente: Autoridades BGTQ, 21 junio 2023 :
- Información localizada: (Pesas y medidas)
670 ## - FUENTE EN LA QUE SE LOCALIZARON DATOS
- Cita de la fuente: Autoridades BGTQ, 21 junio 2023 :
- Información localizada: (Subdivisión general: Estudio y enseñanza (Elemental))
902 ## - CATALOGADOR
- Catalogador: VíctorGodínez/210623
